000 01636cam a22003974a 4500
001 13045742
003 OSt
005 20251007101425.0
008 030102s2003 nyua bf 001 0 eng
010 _a 2003040758
020 _a1856173909
020 _a9781856173902
035 _a13045742
040 _aDLC
_cmust
_dDLC
042 _apcc
050 0 0 _aTK8322
_b.P73 2003
082 0 0 _a621.3815/42
_221
245 0 0 _aPractical handbook of photovoltaics :
_bfundamentals and applications /
_cedited by Tom Markvart and Luis Castaner.
260 _aNew York :
_bElsevier Advanced Technology,
_cc2003.
300 _axiv, 984 p. :
_bill. ;
_c25 cm.
336 _atext
_btxt
_2rdacontent
337 _aunmediated
_bn
_2rdamedia
338 _avolume
_bnc
_2rdacarrier
504 _aIncludes bibliographical references (p. [941]-945) and index.
650 0 _aPhotovoltaic cells
_vHandbooks, manuals, etc.
_919406
650 0 _aPhotovoltaic power generation
_vHandbooks, manuals, etc.
_919407
650 0 _aPhotovoltaic power systems
_vHandbooks, manuals, etc.
_919408
700 1 _aMarkvart, T.
_919409
700 1 _aCastaƱer, Luis.
_919410
856 4 2 _3Publisher description
_uhttp://www.loc.gov/catdir/enhancements/fy0614/2003040758-d.html
856 4 1 _3Table of contents only
_uhttp://www.loc.gov/catdir/enhancements/fy0614/2003040758-t.html
906 _a7
_bcbc
_corignew
_d1
_eocip
_f20
_gy-gencatlg
942 _2z
_cB_BANK
999 _c9534
_d9534